Administración de la producción (Registro nro. 2656)

Detalles MARC
000 -LEADER
fixed length control field 01468 a2200229 4500
001 - CONTROL NUMBER
control field 36494
005 - DATE AND TIME OF LATEST TRANSACTION
control field 20260407155639.0
008 - FIXED-LENGTH DATA ELEMENTS--GENERAL INFORMATION
fixed length control field 260407a1984 arg spa d
003 - CONTROL NUMBER IDENTIFIER
control field AR-UNSa-BCEJYS
040 ## - CATALOGING SOURCE
Original cataloging agency AR-UNSa-BCEJYS
Language of cataloging spa
Transcribing agency AR-UNSa-BCEJYS
080 ## - UNIVERSAL DECIMAL CLASSIFICATION NUMBER
Universal Decimal Classification number 658.5
Common auxiliary subdivision Planificación y control de la producción<br/>
020 ## - INTERNATIONAL STANDARD BOOK NUMBER
International Standard Book Number 968-25-0952-1
100 1# - MAIN ENTRY--PERSONAL NAME
Personal name Gómez Mont Araiza, Jaime
245 10 - TITLE STATEMENT
Title Administración de la producción
264 #1 - PRODUCTION, PUBLICATION, DISTRIBUTION, MANUFACTURE, AND COPYRIGHT NOTICE
Place of production, publication, distribution, manufacture México :
Name of producer, publisher, distributor, manufacturer Interamericana
Date of production, publication, distribution, manufacture, or copyright notice 1984
300 ## - PHYSICAL DESCRIPTION
Extent 404 p.
Dimensions 25 cm.
505 ## - FORMATTED CONTENTS NOTE
Formatted contents note I: Introducción : 1. ¿ Qué es la producción? - 2. Métodos de análisis - II: El enfoque sistémico: 3. Nociones básicas - 4. El sistema de empresa - III: Concepción del sistema de producción : 5. Producto, procedimiento y capacidad - 6. La localización - 7. Arreglo de las instalaciones y manutención - IV: La administración de operaciones: 8. Las previsiones - 9. Elementos de administración de inventarios - 10. La planificación global - 11. Planificación de un sistema de producción en serie - 12. Planificación de un sistema de producción intermitente - 13. Planificación de un sistema de producción por unidad - 14. Administración del abastecimiento - 15. Elementos de administración de la calidad - 16. Control de calidad - 17. Administración del mantenimiento y la seguridad en el trabajo.
590 ## - LOCAL NOTE (RLIN)
Local note niveau_biblio:m niveau_hierar:0
700 1# - ADDED ENTRY--PERSONAL NAME
Personal name Tawfil, Louis
700 1# - ADDED ENTRY--PERSONAL NAME
Personal name Chauvel, Alain M.
942 ## - ADDED ENTRY ELEMENTS (KOHA)
Koha item type
Existencias
Withdrawn status Lost status Damaged status Not for loan Home library Current library Shelving location Date acquired Total checkouts Full call number Barcode Date last seen Price effective from Koha item type
        Biblioteca Prof. Eusebio Cleto del Rey Biblioteca Prof. Eusebio Cleto del Rey   07/04/2026   658.5 T111 L45120 07/04/2026 07/04/2026 Libro
        Biblioteca Prof. Eusebio Cleto del Rey Biblioteca Prof. Eusebio Cleto del Rey   07/04/2026   658.5 T111 L45123 07/04/2026 07/04/2026 Libro
        Biblioteca Prof. Eusebio Cleto del Rey Biblioteca Prof. Eusebio Cleto del Rey   07/04/2026   658.5 T111 L45119 07/04/2026 07/04/2026 Libro